00859 am a2200169 a 450000500170000000800410001702000150005804100080007311000150008124502250009625000110032126000380033230000100037050002640038065300210064465300240066520231220133627.0101006s2000||||ag d f |||| 000 0 spa d a9879823729 aspa1 aAFACIMERA. aFormación de formadores. Metodología docente en Ciencias de la Salud.bT.3 Nuevas Tecnologías de Información y Comunicación (NTIyC) y Educación Médica. Ateneos bibliográficos y monografías /cAFACIMERA. a1a ed. aBuenos Aires: bAFACIMERA;c2000. a93 p. aAFACIMERA. (2000) Formación de formadores. Metodología docente en Ciencias de la Salud. T.3 Nuevas Tecnologías de Información y Comunicación (NTIyC) y Educación Médica. Ateneos bibliográficos y monografías. (1a ed.) Buenos Aires : AFACIMERA. aCiencias Medicas aFormación docente